| 000 | 00581cam a22001935a 4500 | ||
|---|---|---|---|
| 001 | L156112 | ||
| 008 | 120430s1862 xxk f 000 0 eng d | ||
| 035 | _a(Sirsi) u156112 | ||
| 041 | 0 | _aeng | |
| 100 | 1 |
_aSugden, Edward Burtenshaw _d1781-1875 |
|
| 245 | 0 | 2 | _aA concise and practical treatise of the law of vendors and purchasers of estates |
| 250 | _a14th ed. | ||
| 260 |
_aLondon _bH. Sweet _c1862 |
||
| 300 |
_alxxix, 887 p. _c25 cm. |
||
| 583 |
_aCondition reviewed _c20120620 _lcondition level 1 |
||
| 651 | 4 |
_aGreat Britain _y1707- |
|
| 690 |
_aSales _96269 |
||
| 942 | _n0 | ||
| 999 |
_c114040 _d114040 |
||